000 01229cam a22002415i 4500
999 _c10329
_d10329
003 OSt
005 20220311174240.0
008 210113s2021 nyu 000 0 eng
020 _a9781948765572
_q(paperback)
040 _aDLC
_beng
_erda
_cDLC
042 _apcc
082 _a720.1
_bJOR
100 1 _aGausa, Manuel,
_eauthor.
245 1 4 _aThe threefold logic of advanced architecture :
_bconformative, distributive and expansive protocols for an informational practice: 1990-2020 /
_cManuel Gausa, Jordi Vivaldi.
250 _aPrinted.
263 _a1111
300 _apages cm
520 _a"This book argues that during the last 30 years, Advanced Architecture has consolidated an interactive and informational logic that differs from that of Modernity and Postmodernity. This logic is threefold; it is modulated through three coexisting protocols -modes of action- whose peaks of intensity occur in three different decades: Conformative Protocols (1990-2000), Distributive Protocols (2000-2010) and Expansive Protocols (2010-2020)"--
700 1 _aVivaldi, Jordi,
_eauthor.
906 _a0
_bibc
_corignew
_d2
_eepcn
_f20
_gy-gencatlg
942 _2ddc